[Event "Brasiliense-ch 50th"]
[Site "Brasilia"]
[Date "2010.09.07"]
[Round "13.6"]
[White "Jochem, Alessandro Gil"]
[Black "Nascimento, Pedro Henrique Alve"]
[Result "1-0"]
[WhiteElo "1923"]
[BlackElo "1724"]
[PlyCount "69"]
[EventDate "2010.08.17"]
[EventType "tourn"]
[EventRounds "13"]
[EventCountry "BRA"]
[SourceTitle "EXT 2022"]
[Source "ChessBase"]
[SourceDate "2021.10.06"]
[SourceVersion "1"]
[SourceVersionDate "2021.10.06"]
[SourceQuality "1"]

1. e4 d5 2. e5 Bf5 3. d4 e6 4. c4 Bb4+ 5. Nc3 Ne7 6. a3 Bxc3+ 7. bxc3 0-0 8. h4 c6 9. g4 Bg6 10. h5 Qe8 11. hxg6 fxg6 12. Be3 Qf7 13. Nh3 dxc4 14. Bxc4 Nd5 15. Ng5 Nxe3 16. Nxf7 Nxd1 17. Rxd1 Kxf7 18. Rxh7 Nd7 19. Rd3 Rg8 20. Rf3+ Ke7 21. Bd3 Raf8 22. Ke2 Rxf3 23. Kxf3 b6 24. Rh1 Kf7 25. Be4 Nb8 26. c4 Rd8 27. Ke3 a6 28. a4 Rd7 29. Rh8 Rb7 30. d5 b5 31. dxc6 Nxc6 32. Bxc6 bxa4 33. Bxb7 a3 34. Bxa6 a2 35. Rh1 1-0

[Event "Brasiliense-ch 50th"]
[Site "Brasilia"]
[Date "2010.09.06"]
[Round "11.7"]
[White "Jochem, Alessandro Gil"]
[Black "De Oliveira, Maicon Almeida"]
[Result "1-0"]
[WhiteElo "1923"]
[BlackElo "1933"]
[PlyCount "89"]
[EventDate "2010.08.17"]
[EventType "tourn"]
[EventRounds "13"]
[EventCountry "BRA"]
[SourceTitle "EXT 2022"]
[Source "ChessBase"]
[SourceDate "2021.10.06"]
[SourceVersion "1"]
[SourceVersionDate "2021.10.06"]
[SourceQuality "1"]

1. e4 c6 2. d3 d5 3. Nd2 dxe4 4. dxe4 e5 5. Ngf3 Nd7 6. Nc4 Qc7 7. g3 Ngf6 8. Qe2 b5 9. Ncd2 Be7 10. Bg2 0-0 11. 0-0 Bb7 12. c4 a6 13. b3 Rfe8 14. Bb2 Rad8 15. Rac1 Qa5 16. a3 b4 17. a4 Bf8 18. c5 Bxc5 19. Nc4 Qc7 20. Ncxe5 Nxe5 21. Rxc5 Nd3 22. Bxf6 Nxc5 23. Bxd8 Qxd8 24. Nd2 Qd4 25. Rd1 Rd8 26. Bf3 Bc8 27. e5 Be6 28. Nc4 Qxd1+ 29. Qxd1 Rxd1+ 30. Bxd1 Bxc4 31. bxc4 b3 32. f4 b2 33. Bc2 Nxa4 34. Kf2 Nc3 35. Ke3 b1Q 36. Bxb1 Nxb1 37. Kd3 Kf8 38. Kc2 Na3+ 39. Kb3 Nb5 40. cxb5 cxb5 41. Kb4 Ke7 42. f5 Kd7 43. g4 Kc6 44. f6 g5 45. e6 1-0

[Event "Brasiliense-ch 50th"]
[Site "Brasilia"]
[Date "2010.08.31"]
[Round "1.3"]
[White "Cavalcante, Rodrigo Moreira"]
[Black "Jochem, Alessandro Gil"]
[Result "1-0"]
[WhiteElo "1919"]
[BlackElo "1923"]
[PlyCount "131"]
[EventDate "2010.08.17"]
[EventType "tourn"]
[EventRounds "13"]
[EventCountry "BRA"]
[SourceTitle "EXT 2022"]
[Source "ChessBase"]
[SourceDate "2021.10.06"]
[SourceVersion "1"]
[SourceVersionDate "2021.10.06"]
[SourceQuality "1"]

1. d4 Nf6 2. c4 g6 3. Nc3 Bg7 4. e4 d6 5. Be2 0-0 6. Bg5 h6 7. Bh4 Nc6 8. Nf3 g5 9. Bg3 g4 10. Nh4 e5 11. d5 Nd4 12. Bd3 Nh5 13. Ne2 f5 14. Nxd4 exd4 15. exf5 Re8+ 16. Kd2 Qg5+ 17. Kc2 Nf4 18. Bxf4 Qxf4 19. Qd2 Qxd2+ 20. Kxd2 Bf6 21. Ng6 Bg5+ 22. Kc2 Kg7 23. h4 gxh3 24. gxh3 h5 25. Rhg1 Kf6 26. f4 Bh6 27. Nh4 Bxf4 28. Rg6+ Kf7 29. Rag1 Be5 30. f6 Rf8 31. Rg7+ Ke8 32. f7+ Rxf7 33. R7g5 Bxh3 34. Bg6 Ke7 35. Bxf7 Kxf7 36. Rxh5 Rh8 37. Rxh8 Bxh8 38. Rg3 Bd7 39. Rf3+ Bf6 40. Kd3 c5 41. Nf5 Bxf5+ 42. Rxf5 a6 43. a4 Ke7 44. Rh5 Kf7 45. Rh7+ Bg7 46. b3 b6 47. Ke4 a5 48. Kf5 d3 49. Ke4 d2 50. Rh1 Bh6 51. Kd3 Kg6 52. Kc2 Kg7 53. Rf1 Be3 54. Rf3 Bh6 55. Rf2 Bg5 56. Re2 Kf7 57. Re6 Bf4 58. Kd1 Bg3 59. Kxd2 Bf4+ 60. Kd3 Bg3 61. Ke4 Bh2 62. Rh6 Be5 63. Rh7+ Bg7 64. Kf5 Kg8 65. Rxg7+ Kxg7 66. Ke6 1-0

[Event "Brasiliense sf 01"]
[Site "Brazil"]
[Date "2010.07.31"]
[Round "6"]
[White "Jochem, Alessandro Gil"]
[Black "Martins, Romildo Magalhaes"]
[Result "0-1"]
[WhiteElo "1923"]
[BlackElo "2038"]
[PlyCount "92"]
[EventDate "2010.05.24"]
[EventType "swiss"]
[EventRounds "7"]
[EventCountry "BRA"]
[SourceTitle "EXT 2012"]
[Source "ChessBase"]
[SourceDate "2011.11.24"]
[SourceVersion "1"]
[SourceVersionDate "2011.11.24"]
[SourceQuality "1"]

1. e4 e5 2. Bc4 Nf6 3. Nf3 Nc6 4. Ng5 d5 5. exd5 b5 6. Bxb5 Qxd5 7. Nc3 Qxg2 8. Qf3 Qxf3 9. Nxf3 Bd7 10. d3 Bd6 11. Bg5 Rb8 12. 0-0-0 Nd4 13. Nxd4 exd4 14. Bxf6 gxf6 15. Bxd7+ Kxd7 16. Ne4 Be7 17. Rhg1 Rhg8 18. f4 f5 19. Ng5 Rg7 20. Nf3 Bf6 21. Rg3 c5 22. b3 Rg4 23. Ne5+ Bxe5 24. fxe5 Ke6 25. Rh3 Rh8 26. Re1 h5 27. Kb2 h4 28. Rf3 h3 29. Ref1 Rh5 30. b4 cxb4 31. Kb3 Rg2 32. R1f2 Rhg5 33. Kxb4 Rxf2 34. Rxf2 Rg2 35. Rf1 Rxc2 36. a4 Rxh2 37. Kb5 Rd2 38. a5 Rxd3 39. Ka6 Rb3 40. Kxa7 Kxe5 41. a6 f4 42. Ka8 Ke4 43. a7 Ra3 44. Rh1 d3 45. Rxh3 Rxa7+ 46. Kxa7 d2 0-1

[Event "ZI-2010-0-00746"]
[Site "LSS email"]
[Date "2010.07.16"]
[Round "?"]
[White "Jochem, Alessandro Gil"]
[Black "Lavis, Jon"]
[Result "0-1"]
[WhiteElo "1529"]
[BlackElo "1704"]
[PlyCount "28"]
[EventDate "2010.07.06"]
[EventType "match (corr)"]
[EventRounds "2"]
[EventCountry "GER"]
[SourceTitle "Corr 2013"]
[Source "ChessBase"]
[SourceDate "2012.11.12"]
[SourceVersion "1"]
[SourceVersionDate "2012.11.12"]
[SourceQuality "1"]

1. e4 c5 2. Nf3 g6 3. c3 Bg7 4. d4 cxd4 5. cxd4 d5 6. e5 Nh6 7. Bb5+ Nc6 8. 0-0 0-0 9. Bg5 Bg4 10. Be2 Nf5 11. Be3 e6 12. h3 Bxf3 13. Bxf3 Qb6 14. Nc3 Ncxd4 0-1

[Event "LSS SB-2010-0-00099"]
[Site "LSS email"]
[Date "2010.07.10"]
[Round "?"]
[White "Kuhn, Christian Helmut"]
[Black "Jochem, Alessandro Gil"]
[Result "1-0"]
[WhiteElo "1896"]
[BlackElo "1529"]
[PlyCount "33"]
[EventDate "2010.06.05"]
[EventType "tourn (corr)"]
[EventRounds "6"]
[EventCountry "GER"]
[SourceTitle "Corr 2013"]
[Source "ChessBase"]
[SourceDate "2012.11.12"]
[SourceVersion "1"]
[SourceVersionDate "2012.11.12"]
[SourceQuality "1"]

1. c4 Nf6 2. g3 g6 3. Bg2 Bg7 4. Nc3 0-0 5. d3 c6 6. e4 e5 7. Nge2 d6 8. 0-0 h6 9. h3 Be6 10. Be3 d5 11. exd5 cxd5 12. d4 e4 13. Nf4 Nc6 14. cxd5 Nxd5 15. Nxe6 Nxc3 16. Nxd8 Nxd1 17. Nxc6 1-0

[Event "LSS BI-2010-P-00006"]
[Site "LSS email"]
[Date "2010.04.19"]
[Round "?"]
[White "Jochem, Alessandro Gil"]
[Black "Wosch, Arkadiusz Janusz"]
[Result "0-1"]
[WhiteElo "1687"]
[BlackElo "2262"]
[PlyCount "48"]
[EventDate "2010.04.22"]
[EventType "tourn (corr)"]
[EventRounds "10"]
[EventCountry "GER"]
[SourceTitle "Telechess CBM 141"]
[Source "ChessBase"]
[SourceDate "2011.03.17"]
[SourceVersion "1"]
[SourceVersionDate "2011.03.17"]
[SourceQuality "1"]

1. e4 c5 2. Nf3 Nc6 3. Bb5 g6 4. c3 Nf6 5. e5 Nd5 6. d4 cxd4 7. Bxc6 dxc6 8. cxd4 Qa5+ 9. Bd2 Qa6 10. Nc3 Nb4 11. Ne2 Nd3+ 12. Kf1 Nxb2 13. Qb3 Nc4 14. Rc1 Be6 15. Qc2 Nxd2+ 16. Qxd2 Qxa2 17. Qf4 h5 18. h4 Bh6 19. Ng5 Bc4 20. Re1 0-0-0 21. Rh3 f6 22. exf6 exf6 23. Qxf6 Rhe8 24. Qf3 Bf8 0-1

[Event "LSS BI-2010-P-00006"]
[Site "LSS email"]
[Date "2010.04.19"]
[Round "?"]
[White "Trani, Francesco"]
[Black "Jochem, Alessandro Gil"]
[Result "1-0"]
[WhiteElo "1824"]
[BlackElo "1643"]
[PlyCount "53"]
[EventDate "2010.04.22"]
[EventType "tourn (corr)"]
[EventRounds "10"]
[EventCountry "GER"]
[SourceTitle "Telechess CBM 141"]
[Source "ChessBase"]
[SourceDate "2011.03.17"]
[SourceVersion "1"]
[SourceVersionDate "2011.03.17"]
[SourceQuality "1"]

1. Nf3 Nf6 2. g3 g6 3. Bg2 Bg7 4. c4 0-0 5. 0-0 d6 6. d4 Nc6 7. Nc3 Bg4 8. h3 Bf5 9. d5 Nb4 10. Nd4 Bd7 11. a3 Na6 12. Bg5 h6 13. Be3 Qc8 14. Kh2 Nh5 15. b4 c5 16. dxc6 Bxc6 17. Nxc6 bxc6 18. Rc1 Rb8 19. Qa4 c5 20. b5 Nc7 21. Qxa7 f5 22. b6 Ne6 23. Nd5 Bf6 24. Bxh6 Rf7 25. Nc7 Nxc7 26. bxc7 Rb2 27. Qa8 1-0

[Event "LSS No Engine Cup 20 Preliminary 1"]
[Site "LSS email"]
[Date "2010.04.05"]
[Round "?"]
[White "Nikel, Bogdan"]
[Black "Jochem, Alessandro Gil"]
[Result "1-0"]
[WhiteElo "2103"]
[BlackElo "1731"]
[PlyCount "43"]
[EventDate "2010.04.06"]
[EventType "tourn (corr)"]
[EventRounds "6"]
[EventCountry "GER"]
[SourceTitle "Telechess CBM 141"]
[Source "ChessBase"]
[SourceDate "2011.03.17"]
[SourceVersion "1"]
[SourceVersionDate "2011.03.17"]
[SourceQuality "1"]

1. e4 e5 2. Nf3 Nc6 3. Bc4 Nf6 4. Ng5 Bc5 5. Nxf7 Bxf2+ 6. Kxf2 Nxe4+ 7. Kg1 Qh4 8. g3 Nxg3 9. Nxh8 Nxh1 10. Qf3 Qe1+ 11. Kg2 d5 12. Qf7+ Kd8 13. Qxd5+ Ke7 14. Qf7+ Kd6 15. Nc3 a6 16. Qf8+ Ne7 17. Nf7+ Kc6 18. Qxe7 Qf2+ 19. Kxh1 Bh3 20. Bd5+ Kb6 21. Qb4+ Ka7 22. Qxb7# 1-0

[Event "LSS SA-2010-0-00115"]
[Site "LSS email"]
[Date "2010.02.03"]
[Round "?"]
[White "Herzog, Klaus"]
[Black "Jochem, Alessandro Gil"]
[Result "1-0"]
[WhiteElo "1775"]
[BlackElo "1529"]
[PlyCount "59"]
[EventDate "2010.01.22"]
[EventType "tourn (corr)"]
[EventRounds "6"]
[EventCountry "GER"]
[SourceTitle "Corr 2013"]
[Source "ChessBase"]
[SourceDate "2012.11.12"]
[SourceVersion "1"]
[SourceVersionDate "2012.11.12"]
[SourceQuality "1"]

1. d4 Nf6 2. c4 g6 3. Nc3 Bg7 4. e4 d6 5. f3 e5 6. dxe5 Nh5 7. exd6 Qh4+ 8. Ke2 0-0 9. Qe1 Nf4+ 10. Kd1 Nxg2 11. Bxg2 Qd8 12. Bf4 g5 13. Bg3 cxd6 14. Qd2 Be6 15. Bxd6 Re8 16. h4 g4 17. fxg4 Bxg4+ 18. Kc2 Nc6 19. Nge2 Qa5 20. Rhd1 Rad8 21. Qf4 h5 22. Bf3 Bxf3 23. Qxf3 Rxd6 24. Rxd6 Nb4+ 25. Kb3 Nc6 26. Rd5 Qb4+ 27. Kc2 Ne5 28. Qg3 Qxc4 29. Rxe5 Rxe5 30. Rg1 1-0

[Event "LSS SA-2010-0-00115"]
[Site "LSS email"]
[Date "2010.02.03"]
[Round "?"]
[White "Jochem, Alessandro Gil"]
[Black "Do Amaral, Rogerio Einloft"]
[Result "0-1"]
[WhiteElo "1816"]
[BlackElo "1905"]
[PlyCount "64"]
[EventDate "2010.01.22"]
[EventType "tourn (corr)"]
[EventRounds "6"]
[EventCountry "GER"]
[SourceTitle "Telechess CBM 141"]
[Source "ChessBase"]
[SourceDate "2011.03.17"]
[SourceVersion "1"]
[SourceVersionDate "2011.03.17"]
[SourceQuality "1"]

1. e4 c6 2. d4 d5 3. f3 e6 4. Nc3 Bb4 5. Bf4 Nf6 6. Qd3 0-0 7. Nge2 Be7 8. e5 Nfd7 9. g4 a6 10. 0-0-0 c5 11. h4 Nc6 12. h5 h6 13. Be3 Ndxe5 14. dxe5 Nxe5 15. Qd2 Nxf3 16. Qd3 c4 17. Qxc4 dxc4 18. Rxd8 Rxd8 19. Bg2 Ne5 20. Na4 Nxg4 21. Bb6 Bg5+ 22. Kb1 Rd2 23. Bf3 Nh2 24. Ba5 Nxf3 25. Bxd2 Nxd2+ 26. Kc1 Bd7 27. Nb6 Bc6 28. Rh3 Nf1+ 29. Kb1 Rd8 30. a3 Rd1+ 31. Ka2 Rd2 32. Nc3 Bg2 0-1

[Event "OP-2010-0-01070"]
[Site "LSS email"]
[Date "2010.02.03"]
[Round "?"]
[White "Jochem, Alessandro Gil"]
[Black "Venturas, Bob"]
[Result "1-0"]
[WhiteElo "1850"]
[BlackElo "556"]
[PlyCount "83"]
[EventDate "2010.01.30"]
[EventType "tourn (corr)"]
[EventRounds "4"]
[EventCountry "GER"]
[SourceTitle "Telechess CBM 141"]
[Source "ChessBase"]
[SourceDate "2011.03.17"]
[SourceVersion "1"]
[SourceVersionDate "2011.03.17"]
[SourceQuality "1"]

1. e4 e5 2. Bc4 Nc6 3. Nf3 Nf6 4. Ng5 d5 5. exd5 Nxd5 6. d4 Be6 7. Nxe6 fxe6 8. dxe5 Nxe5 9. Qh5+ Ng6 10. Bd3 Nf6 11. Bxg6+ Ke7 12. Qh4 Kd7 13. 0-0 Bd6 14. Bd3 Qf8 15. Nc3 a6 16. Bg5 Be7 17. Rad1 Rd8 18. Bxa6+ Kc8 19. Rxd8+ Qxd8 20. Rd1 Qe8 21. Bxf6 Bxf6 22. Qe4 c6 23. Bc4 Bxc3 24. Qxe6+ Kb8 25. Qxe8+ Rxe8 26. bxc3 Kc7 27. f4 h6 28. g3 b5 29. Bf7 Re2 30. Bg6 Re3 31. Bd3 Kd7 32. Bxb5+ Kc7 33. Rd3 Re1+ 34. Kf2 Ra1 35. Bc4 c5 36. Rd5 Kc6 37. Rf5 Rd1 38. Bd3 Rd2+ 39. Kg1 Rd1+ 40. Kg2 Kd6 41. Rf7 Rb1 42. Rxg7 1-0

[Event "ZH-2010-0-00390"]
[Site "LSS email"]
[Date "2010.01.27"]
[Round "?"]
[White "Jochem, Alessandro Gil"]
[Black "Chukanov, Igor Anatolievich"]
[Result "0-1"]
[WhiteElo "1529"]
[BlackElo "2176"]
[PlyCount "80"]
[EventDate "2010.01.17"]
[EventType "match (corr)"]
[EventRounds "2"]
[EventCountry "GER"]
[SourceTitle "Corr 2013"]
[Source "ChessBase"]
[SourceDate "2012.11.12"]
[SourceVersion "1"]
[SourceVersionDate "2012.11.12"]
[SourceQuality "1"]

1. e4 c6 2. d4 d5 3. f3 e6 4. Nc3 Bb4 5. Bf4 Ne7 6. Nge2 Ng6 7. Bg3 dxe4 8. fxe4 e5 9. dxe5 0-0 10. Qxd8 Rxd8 11. a3 Ba5 12. h4 Bc7 13. e6 Bxg3+ 14. Nxg3 Bxe6 15. Bd3 Nd7 16. 0-0-0 Nde5 17. Nge2 Bg4 18. h5 Nf8 19. h6 g6 20. b3 Ne6 21. Rd2 b5 22. Ng3 Nf4 23. Bf1 a5 24. Nge2 Nh5 25. g3 Rxd2 26. Kxd2 b4 27. axb4 axb4 28. Nd1 Bxe2 29. Bxe2 Nxg3 30. Rh3 Nxe4+ 31. Ke3 f5 32. Nf2 Nxf2 33. Kxf2 Kf7 34. Re3 Kf6 35. Kg3 Ra1 36. c4 g5 37. Kf2 f4 38. Rh3 g4 39. Bxg4 Nxg4+ 40. Kf3 Kg5 0-1

[Event "LSS ZH-2009-0-00369"]
[Site "LSS email"]
[Date "2009.12.20"]
[Round "?"]
[White "Jochem, Alessandro Gil"]
[Black "Mueller Alves, Martin"]
[Result "0-1"]
[WhiteElo "1529"]
[BlackElo "2307"]
[PlyCount "48"]
[EventDate "2009.12.15"]
[EventType "match (corr)"]
[EventRounds "2"]
[EventCountry "GER"]
[SourceTitle "Corr 2013"]
[Source "ChessBase"]
[SourceDate "2012.11.12"]
[SourceVersion "1"]
[SourceVersionDate "2012.11.12"]
[SourceQuality "1"]

1. e4 c5 2. Nf3 d6 3. c3 Nf6 4. h3 g6 5. Bb5+ Nc6 6. Qe2 a6 7. Ba4 b5 8. Bc2 Bg7 9. 0-0 0-0 10. d4 cxd4 11. cxd4 Bb7 12. Nc3 e5 13. dxe5 dxe5 14. Bg5 Nd4 15. Nxd4 exd4 16. Nd1 Qb6 17. Bd3 Nxe4 18. Bxe4 Rae8 19. f3 f5 20. Nf2 fxe4 21. fxe4 Bxe4 22. Qg4 d3 23. Rad1 Bb7 24. Rxd3 Rxf2 0-1

[Event "LSS ZH-2009-0-00366"]
[Site "LSS email"]
[Date "2009.12.17"]
[Round "?"]
[White "Jochem, Alessandro Gil"]
[Black "Sorcinelli, Andrea"]
[Result "1-0"]
[WhiteElo "1855"]
[BlackElo "1850"]
[PlyCount "55"]
[EventDate "2009.12.03"]
[EventType "match (corr)"]
[EventRounds "2"]
[EventCountry "GER"]
[SourceTitle "Telechess CBM 141"]
[Source "ChessBase"]
[SourceDate "2011.03.17"]
[SourceVersion "1"]
[SourceVersionDate "2011.03.17"]
[SourceQuality "1"]

1. e4 c5 2. Nf3 e6 3. c3 d5 4. exd5 Qxd5 5. d4 Nf6 6. c4 Qd7 7. Nc3 cxd4 8. Qxd4 Nc6 9. Qxd7+ Bxd7 10. Bg5 h6 11. Bxf6 gxf6 12. 0-0-0 0-0-0 13. a3 f5 14. b4 a5 15. b5 Bxa3+ 16. Kc2 Ne7 17. Ne5 Be8 18. Be2 Bc5 19. f4 Ng6 20. Nd3 Bd4 21. Na4 h5 22. g3 h4 23. Bf3 b6 24. Rb1 Kb8 25. c5 bxc5 26. Ndxc5 Bxc5 27. Nxc5 Rc8 28. Bc6 1-0

[Event "LSS ZH-2009-0-00363"]
[Site "LSS email"]
[Date "2009.12.09"]
[Round "?"]
[White "Jochem, Alessandro Gil"]
[Black "Slamenik, Jan"]
[Result "0-1"]
[WhiteElo "1891"]
[BlackElo "2135"]
[PlyCount "40"]
[EventDate "2009.11.20"]
[EventType "match (corr)"]
[EventRounds "2"]
[EventCountry "GER"]
[SourceTitle "Corr 2013"]
[Source "ChessBase"]
[SourceDate "2012.11.12"]
[SourceVersion "1"]
[SourceVersionDate "2012.11.12"]
[SourceQuality "1"]

1. e4 e5 2. Bc4 Nf6 3. Nf3 Nxe4 4. Nc3 Nc6 5. Bxf7+ Kxf7 6. Nxe4 d5 7. Neg5+ Kg8 8. d3 h6 9. Nh3 Qf6 10. Bd2 Bxh3 11. gxh3 e4 12. Ng1 Bc5 13. Qe2 Qxb2 14. Rc1 Rf8 15. Be3 Bxe3 16. Qxe3 d4 17. Qd2 Rxf2 18. Ne2 e3 19. Qd1 Ne5 20. Ng1 Qc3+ 0-1

[Event "LSS SA-2009-0-00091"]
[Site "LSS email"]
[Date "2009.10.21"]
[Round "?"]
[White "Jochem, Alessandro Gil"]
[Black "Rufu, Relu"]
[Result "0-1"]
[WhiteElo "1855"]
[BlackElo "2031"]
[PlyCount "58"]
[EventDate "2009.10.04"]
[EventType "tourn (corr)"]
[EventRounds "6"]
[EventCountry "GER"]
[SourceTitle "Telechess CBM 141"]
[Source "ChessBase"]
[SourceDate "2011.03.17"]
[SourceVersion "1"]
[SourceVersionDate "2011.03.17"]
[SourceQuality "1"]

1. e4 e5 2. Bc4 Nf6 3. Nf3 Nxe4 4. Nc3 Nxc3 5. dxc3 c6 6. Nxe5 d5 7. Bd3 Bd6 8. Qh5 Qe7 9. f4 Nd7 10. 0-0 Nf6 11. Qe2 0-0 12. Bd2 Re8 13. Rae1 Qc7 14. h3 c5 15. Qf3 c4 16. Be2 Bf5 17. Bd1 Rad8 18. g4 Ne4 19. Be3 Bc8 20. g5 Nxg5 21. fxg5 Rxe5 22. h4 Rde8 23. Bf2 Re4 24. Rxe4 dxe4 25. Qe3 Bf4 26. Qxa7 e3 27. Qa4 exf2+ 28. Kxf2 Bd7 29. Qb4 Bh2 0-1

[Event "LSS OP-2009-0-00975"]
[Site "LSS email"]
[Date "2009.10.21"]
[Round "?"]
[White "Jochem, Alessandro Gil"]
[Black "Seibel, Friedhelm"]
[Result "1-0"]
[WhiteElo "2142"]
[BlackElo "1044"]
[PlyCount "52"]
[EventDate "2009.10.18"]
[EventType "tourn (corr)"]
[EventRounds "4"]
[EventCountry "GER"]
[SourceTitle "Telechess CBM 137"]
[Source "ChessBase"]
[SourceDate "2010.07.15"]
[SourceVersion "1"]
[SourceVersionDate "2010.07.15"]
[SourceQuality "1"]

1. e4 e5 2. Bc4 Nf6 3. Nf3 Nc6 4. Ng5 d5 5. exd5 Nxd5 6. d4 Bb4+ 7. c3 Be7 8. h4 Be6 9. Nxe6 fxe6 10. Bb5 0-0 11. Bxc6 bxc6 12. dxe5 Bc5 13. f3 Rf5 14. Qe2 Qf8 15. b4 Nxb4 16. cxb4 Bd4 17. Bb2 Qxb4+ 18. Nd2 Bxb2 19. Rb1 Rd8 20. f4 Rxd2 21. Qxd2 Qe4+ 22. Kf2 Rxf4+ 23. Qxf4 Qxf4+ 24. Ke2 Qc4+ 25. Kf3 Qd3+ 26. Kg4 Qf5+ 1-0

[Event "LSS OP-2009-0-00975"]
[Site "LSS email"]
[Date "2009.10.20"]
[Round "?"]
[White "Hernandez Sanchez, Agustin Hector"]
[Black "Jochem, Alessandro Gil"]
[Result "0-1"]
[WhiteElo "845"]
[BlackElo "2142"]
[PlyCount "72"]
[EventDate "2009.10.18"]
[EventType "tourn (corr)"]
[EventRounds "4"]
[EventCountry "GER"]
[SourceTitle "Telechess CBM 137"]
[Source "ChessBase"]
[SourceDate "2010.07.15"]
[SourceVersion "1"]
[SourceVersionDate "2010.07.15"]
[SourceQuality "1"]

1. e4 e5 2. Nf3 Nc6 3. Bb5 a6 4. Ba4 Bc5 5. 0-0 Nge7 6. Re1 0-0 7. c3 d5 8. Bc2 d4 9. b4 Ba7 10. h3 b5 11. a4 Bb7 12. axb5 axb5 13. d3 dxc3 14. Nxc3 Bxf2+ 15. Kxf2 Rxa1 16. Nxb5 Ra8 17. Bb2 Ng6 18. Qd2 f6 19. Bb3+ Kh8 20. h4 Nf4 21. Bc2 Ba6 22. Nc3 Bxd3 23. Bxd3 Nxd3+ 24. Ke2 Nxe1 25. Qxe1 Nxb4 26. h5 Qd3+ 27. Kf2 Rfd8 28. Kg3 g5 29. Kh2 Nc2 30. Qf2 Ne3 31. Kh3 g4+ 32. Kg3 gxf3 33. Qxf3 Nf1+ 34. Kh3 Qxf3+ 35. gxf3 Rg8 36. Nd5 Ra2 0-1

[Event "IECG R1.2000.0.00001"]
[Site "IECG email"]
[Date "2001.01.03"]
[Round "?"]
[White "Jochem, Alessandro Gil"]
[Black "Maloberti, David"]
[Result "0-1"]
[WhiteElo "2142"]
[BlackElo "2027"]
[PlyCount "70"]
[EventDate "2000.12.07"]
[EventType "tourn (corr)"]
[EventRounds "6"]
[SourceTitle "Corr 2008"]
[Source "ChessBase"]
[SourceDate "2008.06.24"]
[SourceVersion "1"]
[SourceVersionDate "2008.06.24"]
[SourceQuality "1"]

1. e4 e6 2. Nf3 d5 3. Nc3 d4 4. Ne2 c5 5. c3 dxc3 6. bxc3 Nf6 7. Ng3 Nc6 8. Bb5 Bd7 9. 0-0 a6 10. Be2 Be7 11. d4 Qc7 12. d5 Ne5 13. c4 Nfg4 14. Nxe5 Nxe5 15. f4 Ng6 16. e5 Qa5 17. Bd2 Qa4 18. Qxa4 Bxa4 19. d6 Bd8 20. Bf3 Rb8 21. Rab1 b6 22. Ne4 Rc8 23. Rb2 Bc6 24. Nc3 Kd7 25. Bxc6+ Kxc6 26. a4 f6 27. Re1 fxe5 28. fxe5 Rf8 29. Bc1 Rb8 30. Re4 Rb7 31. Rbe2 Rbf7 32. Re1 Nf4 33. Rxf4 Rxf4 34. Bxf4 Rxf4 35. Ne4 h6 0-1